| 000 | 01366nam a2200229Ia 4500 | ||
|---|---|---|---|
| 003 | Ost | ||
| 005 | 20260507075724.0 | ||
| 008 | 260507s9999||||xx |||||||||||||| ||und|| | ||
| 020 | _a9070117977 | ||
| 040 | _cfsecg | ||
| 041 | _aara | ||
| 082 | _a303.484 | ||
| 100 |
_aطاحون، زكريا _eمؤلف |
||
| 245 | 0 |
_aبيئات ترهقها العولمة : _b(الاقتصادية-الثقافية-السياسية-الاجتماعية) / _c زكريا طاحون |
|
| 260 |
_aالقاهرة: _bجمعية المكتب العربي للبحوث والبيئة, _c2003 |
||
| 300 |
_a406 صفحة؛ _c24 سم |
||
| 504 | _aبيبليوغرافيا ص.401 | ||
| 520 | _aصيغ ومفاهيم ومصطلحات،العولمة والثقافة والبيئة،العولمة ومجتمع التناقضات الدولي،البيئة الإقتصادية بين فكي العولمة والتسلط الرأسمالي،أنصار العولمة-المخلون بتوازنات البيئة الاقتصادية،العولمة وتلويث البيئة الانسانية بالفقر،أتترك البيئة الاقتصادية نهبا لأطماع أنصار العولمة،تدابير تجنب البيئة الاقتصادية إرجاف العولمة وتحدياتها | ||
| 653 | _aاقتصاد | ||
| 653 | _aالعولمة | ||
| 942 | _cكتاب | ||
| 999 |
_c45961 _d45961 |
||